000 00626nas a2200217 4500
001 BR8103792
003 BR-BrBNA
005 20231205084814.0
007 ta
008 230509b bl.|||p| |||| 00| 00por d
040 _aBR-BrBNA
_bpor
_cBiblioteca Nacional de Agricultura
041 _a(Pt)
072 _aK20
100 1 _aPandolfo, C.
245 1 _aPolitica florestal para a Amazonia brasileira
650 _aPOLITICA FLORESTAL
650 _aAMAZONIA
773 0 _tBrasil Madeira (Brazil)
_xISSN 0100-3119
_g(May 1981), v. 5(52) p. 22-25
_wBR8103792
909 _a202311
_bLúcia
_c55
_dLúcia Elande
942 _2AGRIS
_n0
_cANA
999 _c107391
_d107391